000 00778nam a2200217Ii 4500
003 JO-AjNU
008 230605s9999||||xx |||||||||||||| ||und||
017 _a1996/9/1154
040 _aJO-AjNU
_bara
_erda
_cJO-AjNU
041 _aara
050 1 4 _aBP80.G33.W36.1996
100 3 _aملكاوي، فتحي حسن,
_eauthor
_941068
245 0 0 _aالعطاء الفكري للشيخ محمد الغزالي رحمه الله ،حلقة دراسية
250 _aط1
264 3 1 _aعمان:المعهد العالمي للفكر الاسلامي،1996
300 _a260ص
336 _atext
_btxt
_2rdacontent
337 _aunmediated
_bn
_2rdamedia
338 _avolume
_bnc
_2rdacarrier
650 4 _aرجال الدين-تراجم-الشيخ محمد الغزالي
_941069
999 _aA17479
_c21047
_d21047